Statistics for NBA Finals Champions 2000-2019

Click here to take the quiz!

General Stats

  • This quiz has been taken 11,669 times
    (1,353 since last reset)
  • The average score is 9 of 9

Answer Stats

Year Team % Correct
2019Toronto Raptors
99%
2015, 2017, 2018Golden State Warriors
99%
2016Cleveland Cavaliers
98%
2000, 2001, 2002, 2009, 2010Los Angeles Lakers
98%
2006, 2012, 2013Miami Heat
97%
2003, 2005, 2007, 2014San Antonio Spurs
96%
2011Dallas Mavericks
92%
2008Boston Celtics
91%
2004Detroit Pistons
84%

Score Distribution

Percentile by Number Answered

Percent of People with Each Score

Your Score History

You have not taken this quiz since the last reset